00346nam a2200109Ia 4500008004100000082001200041082000800053245009400061245003600155260003600191300000900227231017s9999 xx 000 0 und d a388.362 bHOW 0aPoverty and Urban Transport in East Africa: Review of Research and Dutch Donor Experience 0cJohn Howe with Deborah Bryceson bJohn Howe with Deborah Bryceson c30cm